Risk management v českém bankovnictví

Významné vývojové trendy v Európe - nová bazilejská dohoda o kapitálovej primeranosti (Basel II), ktorá upravuje metódu kvantifikácie podstupovaných rizík, na základe ktorých sa stanovuje kapitálová požiadavka. Pohľad na podiel jednotlivých rizík českých bánk: úverové riziko, operačné riziko, trhové...

Ausführliche Beschreibung

Gespeichert in:
Bibliographische Detailangaben
1. Verfasser: Pirner, David
Format: Buchkapitel
Sprache:Tschechisch
Schlagworte:
Tags: Tag hinzufügen
Keine Tags, Fügen Sie das erste Tag hinzu!

MARC

LEADER 00000naa a2200000 4500
001 r048728
005 20231004072925.0
041 0 |a cze 
044 |a CZ 
245 1 0 |a Risk management v českém bankovnictví  |c David Pirner 
520 |a Významné vývojové trendy v Európe - nová bazilejská dohoda o kapitálovej primeranosti (Basel II), ktorá upravuje metódu kvantifikácie podstupovaných rizík, na základe ktorých sa stanovuje kapitálová požiadavka. Pohľad na podiel jednotlivých rizík českých bánk: úverové riziko, operačné riziko, trhové riziko. 
610 2 0 |a bankovníctvo 
610 2 0 |a risk management 
610 2 0 |a riziko operačné 
610 2 0 |a riziko trhové 
610 2 0 |a riziko úverové 
610 2 0 |a primeranosť kapitálová 
610 2 0 |a Bazilej II 
610 2 0 |a Česko 
100 1 |a Pirner, David